Roller Coaster - Records Mondiaux - Statistiques

Statistiques générales
  • Ce quiz a été pris 206 fois
  • Le résultat moyen est 7 sur 11
Statistiques - réponses
Hint Explanation Réponse % Correct
Record du nombre d'inversions (14) Situé au Royaume-Uni, The Smiler détient le record mondial du nombre d'inversions. L'attraction ferma temporairement en juin 2015 après un accident qui blessa grièvement quatre personnes. The Smiler (Alto Towers)
83%
Roller coaster en métal le plus haut (139 m) Le parc Six Flags Great Adventure situé dans le New Jersey détient le record de la montagne russe la plus haute jamais construite. Livrée par le constructeur suisse Intamin, l'attraction aurait coûté 24 millions d'euros. Kingda Ka (Six Flags Great Adventure)
78%
Roller coaster en métal le plus rapide (240 km/h) Pour l'instant, Formula Rossa au parc Ferrari World (aux Emirats Arabes Unis) détient le record du monde de vitesse. Formula Rossa (Ferrari World)
76%
Record de l'airtime le plus puissant, avec une force verticale de -2,1 g Construit en Allemagne, ce grand-huit titille les limites de ses passagers. Longtemps plus hautes montagnes russes d'Europe (avant l'arrivée du Silver Star), elles fleurtent avec les limites de l'humain pour ce qui est des g négatifs. Expedition : The GeForce (Holliday Park)
68%
Roller coaster au parcours le plus long (2 479,0 m) C'est au Japon que ce manège fut construit en 2000. À cause de la longueur de la montée (lift), deux chaînes sont utilisées : une du bas jusqu'au milieu, l'autre du milieu jusqu'au sommet. Steel Dragon 2000 (Nagashima Spa Land)
63%
Montagnes russes en bois les plus hautes (56 m) Deux roller coasters se disputent la première place du podium : T Express, situé en Corée du Sud et Wildfire en Suède. T Express (Everland) | Wildfire (Kolmårdens Djurpark)
62%
Plus vieilles montagnes russes en bois (ayant fonctionné sans interruption) (datant de 1912) Ce sont les plus vieilles montagnes russes à avoir fonctionné sans interruption depuis leur ouverture en 1912. En effet, l'attraction plus âgée encore Leap The Dips de Lakemont Park (ouvertes en 1902) furent fermées de 1986 à 1998. The Great Scenic Railway (Luna Park Melbourne)
61%
Roller coaster à l'angle de chute le plus élevé(121,5°) En plus d'offrir une descente à 121,5° à ses passagers, le manège situé dans le New Jersey présente également la particularité d'être construit en intérieur ! TMNT Shellraiser (Nickelodeon Universe)
58%
Record du plus haut looping (63 m) Flying Aces est situé aux Emirats Arabes Unis. Vertigineux, le looping fait virevolter les passagers de l'attraction qui subissent jusqu'à 5 g d'accélération verticale. Flying Aces (Ferrari World)
53%
Tour de chute la plus haute du monde (126 m) Fixée à la structure du roller coaster Kingda Ka, la tour de chute Zumanjaro : Drop of Doom est la plus haute jamais construite. Elle est située aux Etats-Unis, dans le New Jersey. Zumanjaro : Drop of Doom (Six Flags Great Adventure)
53%
Record de la G-force la plus élevée (toutes structures confondues) (6,3 g) Situé en Afrique du Sud, Tower of Terror porte bien son nom. Le parcours très court de l'attraction est toutefois très intense, puisque chaque passager encaisse 6,3 fois son poids (sur une courte période). Tower of Terror (Gold Reef City)
33%
Aucun quiz correspondant
Distribution des résultats
% des personnes avec chaque résultat
Percentile par nombre de réponses
Votre historique - résultats
Vous n’avez pas pris ce quiz